<?xml version="1.0" encoding="UTF-8"?>
<record
    xmlns:xsi="http://www.w3.org/2001/XMLSchema-instance"
    xsi:schemaLocation="http://www.loc.gov/MARC21/slim http://www.loc.gov/standards/marcxml/schema/MARC21slim.xsd"
    xmlns="http://www.loc.gov/MARC21/slim">

  <leader>01290nam a22002297a 4500</leader>
  <datafield tag="999" ind1=" " ind2=" ">
    <subfield code="c">144349</subfield>
    <subfield code="d">144349</subfield>
  </datafield>
  <controlfield tag="005">20210310103925.0</controlfield>
  <datafield tag="010" ind1=" " ind2=" ">
    <subfield code="a">B-738099-103                           1819HN15        B-731060</subfield>
  </datafield>
  <datafield tag="020" ind1=" " ind2=" ">
    <subfield code="a">9789382996194</subfield>
    <subfield code="c">450.00</subfield>
  </datafield>
  <datafield tag="035" ind1=" " ind2=" ">
    <subfield code="a">B-731060</subfield>
  </datafield>
  <datafield tag="035" ind1=" " ind2=" ">
    <subfield code="a">B-738099-103 </subfield>
  </datafield>
  <datafield tag="037" ind1=" " ind2=" ">
    <subfield code="b">&#x921;&#x940;.&#x92C;&#x940;.&#x90F;.&#x921;&#x940;./ &#x909;&#x92A;&#x939;&#x93E;&#x930; </subfield>
  </datafield>
  <datafield tag="037" ind1=" " ind2=" ">
    <subfield code="b">&#x92A;&#x948;&#x902;&#x938;&#x940; &#x92C;&#x941;&#x915;&#x94D;&#x938;</subfield>
  </datafield>
  <datafield tag="082" ind1=" " ind2=" ">
    <subfield code="a">921</subfield>
  </datafield>
  <datafield tag="100" ind1=" " ind2=" ">
    <subfield code="a">&#x924;&#x947;&#x91C;&#x92A;&#x93E;&#x932; &#x938;&#x93F;&#x902;&#x939; </subfield>
  </datafield>
  <datafield tag="245" ind1=" " ind2=" ">
    <subfield code="a">&#x930;&#x93E;&#x937;&#x94D;&#x91F;&#x94D;&#x930;&#x92A;&#x941;&#x924;&#x94D;&#x930; &#x92D;&#x917;&#x924; &#x938;&#x93F;&#x902;&#x939;  /</subfield>
    <subfield code="c">&#x924;&#x947;&#x91C;&#x92A;&#x93E;&#x932; &#x938;&#x93F;&#x902;&#x939; </subfield>
  </datafield>
  <datafield tag="260" ind1=" " ind2=" ">
    <subfield code="a"> &#x928;&#x908; &#x926;&#x93F;&#x932;&#x94D;&#x932;&#x940;</subfield>
    <subfield code="b">&#x92A;&#x947;&#x928;&#x94D;&#x938;&#x940; &#x92C;&#x941;&#x915;&#x94D;&#x938; </subfield>
    <subfield code="c">2019</subfield>
  </datafield>
  <datafield tag="270" ind1=" " ind2=" ">
    <subfield code="a">&#x906;&#x930; &#x91C;&#x93C;&#x947;&#x921; 66/&#x90F;, &#x938;&#x94B;&#x92E;&#x947;&#x936; &#x935;&#x93F;&#x939;&#x93E;&#x930;, &#x91B;&#x93E;&#x935;&#x932;&#x93E;</subfield>
    <subfield code="b"> &#x928;&#x908; &#x926;&#x93F;&#x932;&#x94D;&#x932;&#x940;</subfield>
    <subfield code="e">110071</subfield>
  </datafield>
  <datafield tag="300" ind1=" " ind2=" ">
    <subfield code="a">256&#x92A;&#x94D;,</subfield>
    <subfield code="b">21&#x938;&#x947;&#x92E;&#x940;(&#x938;&#x91C;&#x93F;&#x932;&#x94D;&#x926;)</subfield>
  </datafield>
  <datafield tag="942" ind1=" " ind2=" ">
    <subfield code="2">ddc</subfield>
    <subfield code="c">HN</subfield>
    <subfield code="m">&#x924;&#x947;&#x91C;&#x92A;&#x93E;</subfield>
    <subfield code="h">921</subfield>
  </datafield>
  <datafield tag="952" ind1=" " ind2=" ">
    <subfield code="0">0</subfield>
    <subfield code="1">0</subfield>
    <subfield code="4">0</subfield>
    <subfield code="7">0</subfield>
    <subfield code="8">NFIC</subfield>
    <subfield code="a">L</subfield>
    <subfield code="b">L</subfield>
    <subfield code="d">2019-12-06</subfield>
    <subfield code="e">&#x909;&#x92A;&#x939;&#x93E;&#x930;/13.11.19</subfield>
    <subfield code="g">450.00</subfield>
    <subfield code="l">6</subfield>
    <subfield code="m">7</subfield>
    <subfield code="o">921 &#x924;&#x947;&#x91C;&#x92A;&#x93E;</subfield>
    <subfield code="p">B-731060</subfield>
    <subfield code="r">2024-07-18 00:00:00</subfield>
    <subfield code="s">2024-07-06</subfield>
    <subfield code="t">1</subfield>
    <subfield code="v">450.00</subfield>
    <subfield code="w">2019-12-06</subfield>
    <subfield code="y">HN</subfield>
    <subfield code="z">&#x909;&#x92A;&#x939;&#x93E;&#x930;</subfield>
  </datafield>
  <datafield tag="952" ind1=" " ind2=" ">
    <subfield code="0">0</subfield>
    <subfield code="1">0</subfield>
    <subfield code="4">0</subfield>
    <subfield code="7">0</subfield>
    <subfield code="8">NFIC</subfield>
    <subfield code="a">M</subfield>
    <subfield code="b">M</subfield>
    <subfield code="d">2021-03-10</subfield>
    <subfield code="e">&#x92A;&#x947;&#x928;&#x94D;&#x938;&#x940; &#x92C;&#x941;&#x915;&#x94D;&#x938;/003/3.3.2020/177/27.2.2020/5.2.2021 </subfield>
    <subfield code="g">450.00</subfield>
    <subfield code="l">0</subfield>
    <subfield code="o">921 &#x924;&#x947;&#x91C;&#x92A;&#x93E;</subfield>
    <subfield code="p">B-738099</subfield>
    <subfield code="r">2021-03-10 00:00:00</subfield>
    <subfield code="t">5</subfield>
    <subfield code="v">450.00</subfield>
    <subfield code="w">2021-03-10</subfield>
    <subfield code="y">HN</subfield>
  </datafield>
  <datafield tag="952" ind1=" " ind2=" ">
    <subfield code="0">0</subfield>
    <subfield code="1">0</subfield>
    <subfield code="4">0</subfield>
    <subfield code="7">0</subfield>
    <subfield code="8">NFIC</subfield>
    <subfield code="a">M</subfield>
    <subfield code="b">M</subfield>
    <subfield code="d">2021-03-10</subfield>
    <subfield code="e">&#x92A;&#x947;&#x928;&#x94D;&#x938;&#x940; &#x92C;&#x941;&#x915;&#x94D;&#x938;/003/3.3.2020/177/27.2.2020/5.2.2021 </subfield>
    <subfield code="g">450.00</subfield>
    <subfield code="l">0</subfield>
    <subfield code="o">921 &#x924;&#x947;&#x91C;&#x92A;&#x93E;</subfield>
    <subfield code="p">B-738100</subfield>
    <subfield code="r">2021-03-10 00:00:00</subfield>
    <subfield code="t">5</subfield>
    <subfield code="v">450.00</subfield>
    <subfield code="w">2021-03-10</subfield>
    <subfield code="y">HN</subfield>
  </datafield>
  <datafield tag="952" ind1=" " ind2=" ">
    <subfield code="0">0</subfield>
    <subfield code="1">0</subfield>
    <subfield code="4">0</subfield>
    <subfield code="7">0</subfield>
    <subfield code="8">NFIC</subfield>
    <subfield code="a">M</subfield>
    <subfield code="b">M</subfield>
    <subfield code="d">2021-03-10</subfield>
    <subfield code="e">&#x92A;&#x947;&#x928;&#x94D;&#x938;&#x940; &#x92C;&#x941;&#x915;&#x94D;&#x938;/003/3.3.2020/177/27.2.2020/5.2.2021 </subfield>
    <subfield code="g">450.00</subfield>
    <subfield code="l">0</subfield>
    <subfield code="o">921 &#x924;&#x947;&#x91C;&#x92A;&#x93E;</subfield>
    <subfield code="p">B-738101</subfield>
    <subfield code="r">2021-03-10 00:00:00</subfield>
    <subfield code="t">5</subfield>
    <subfield code="v">450.00</subfield>
    <subfield code="w">2021-03-10</subfield>
    <subfield code="y">HN</subfield>
  </datafield>
  <datafield tag="952" ind1=" " ind2=" ">
    <subfield code="0">0</subfield>
    <subfield code="1">0</subfield>
    <subfield code="4">0</subfield>
    <subfield code="7">0</subfield>
    <subfield code="8">NFIC</subfield>
    <subfield code="a">M</subfield>
    <subfield code="b">M</subfield>
    <subfield code="d">2021-03-10</subfield>
    <subfield code="e">&#x92A;&#x947;&#x928;&#x94D;&#x938;&#x940; &#x92C;&#x941;&#x915;&#x94D;&#x938;/003/3.3.2020/177/27.2.2020/5.2.2021 </subfield>
    <subfield code="g">450.00</subfield>
    <subfield code="l">0</subfield>
    <subfield code="o">921 &#x924;&#x947;&#x91C;&#x92A;&#x93E;</subfield>
    <subfield code="p">B-738102</subfield>
    <subfield code="r">2021-03-10 00:00:00</subfield>
    <subfield code="t">5</subfield>
    <subfield code="v">450.00</subfield>
    <subfield code="w">2021-03-10</subfield>
    <subfield code="y">HN</subfield>
  </datafield>
  <datafield tag="952" ind1=" " ind2=" ">
    <subfield code="0">0</subfield>
    <subfield code="1">0</subfield>
    <subfield code="4">0</subfield>
    <subfield code="7">0</subfield>
    <subfield code="8">NFIC</subfield>
    <subfield code="a">M</subfield>
    <subfield code="b">M</subfield>
    <subfield code="d">2021-03-10</subfield>
    <subfield code="e">&#x92A;&#x947;&#x928;&#x94D;&#x938;&#x940; &#x92C;&#x941;&#x915;&#x94D;&#x938;/003/3.3.2020/177/27.2.2020/5.2.2021 </subfield>
    <subfield code="g">450.00</subfield>
    <subfield code="l">1</subfield>
    <subfield code="o">921 &#x924;&#x947;&#x91C;&#x92A;&#x93E;</subfield>
    <subfield code="p">B-738103</subfield>
    <subfield code="r">2024-10-19 00:00:00</subfield>
    <subfield code="s">2024-07-13</subfield>
    <subfield code="t">5</subfield>
    <subfield code="v">450.00</subfield>
    <subfield code="w">2021-03-10</subfield>
    <subfield code="y">HN</subfield>
  </datafield>
</record>
